|
|
|
|
| LEADER |
01284nam a22002657a 4500 |
| 001 |
41415 |
| 003 |
BD-DhAAL |
| 005 |
20230829160104.0 |
| 008 |
230814t 1998bg a|||| |||| 00| 0 ben d |
| 020 |
|
|
|a 9840737449
|
| 040 |
|
|
|a BD-DhAAL
|d BD-DhAAL
|
| 082 |
|
|
|2 22
|a 570
|
| 100 |
|
|
|a এটেনবরো, ডেভিড.
|9 18558
|
| 245 |
|
|
|a পৃথিবীতে জীবনের উদ্ভব /
|c ডেভিড এটেনবরো, অনুবাদ তপন চক্রবর্তী.
|
| 246 |
|
|
|a Prithibbite jibaner udbhav
|
| 250 |
|
|
|a প্রথম সংস্করণ.
|
| 260 |
|
|
|a ঢাকা :
|b বাংলা একাডেমী,
|c ১৯৯৮
|
| 300 |
|
|
|a ১৯৮ পৃষ্ঠা :
|b চিত্র ;
|c ২২ সে.মি.
|
| 541 |
|
|
|e 1804, 41415
|a RS campus, Saver.
|
| 650 |
|
|
|a Biology.
|9 18559
|
| 700 |
|
|
|a চক্রবর্তী, তপন.
|9 18560
|
| 852 |
|
|
|a Savar Campus Library
|c General Shelf
|
| 942 |
|
|
|2 ddc
|c BK
|
| 999 |
|
|
|c 37131
|d 37131
|
| 952 |
|
|
|0 0
|1 0
|2 ddc
|4 0
|6 570_000000000000000_ATT
|7 0
|9 74222
|a SCL
|b SCL
|c GEN
|d 2023-08-14
|g 150.00
|l 0
|o 570 ATT
|p 3020041415
|r 2023-08-14
|t 1
|w 2023-08-14
|y BK
|x As directed by University librarian (30.05.2023), the accession of this book has been renewed. Previous Accession no of TARC, Savar:1804
|